E-conveyancing fits the bill (Record no. 69074)
[ view plain ]
| 000 -LEADER | |
|---|---|
| fixed length control field | 01098cam a2200253 4500 |
| 001 - CONTROL NUMBER | |
| control field | ABS64951 |
| 008 - FIXED-LENGTH DATA ELEMENTS--GENERAL INFORMATION | |
| fixed length control field | 011211n2001 000 0 eng u |
| 035 ## - SYSTEM CONTROL NUMBER | |
| System control number | (Sirsi) u115951 |
| 100 ## - MAIN ENTRY--PERSONAL NAME | |
| Personal name | Harpum, C |
| 245 ## - TITLE STATEMENT | |
| Title | E-conveyancing fits the bill |
| 260 ## - PUBLICATION, DISTRIBUTION, ETC. | |
| Date of publication, distribution, etc. | 2001 |
| 490 ## - SERIES STATEMENT | |
| Series statement | Estates Gazette |
| Volume/sequential designation | (0146) 17 November 2001, 175(1) |
| 520 ## - SUMMARY, ETC. | |
| Summary, etc. | Argues that the electronic conveyancing provisions in the Land Registration Bill will ensure greater security, and are far from 'deeply flawed' as suggested by Malcolm Dowden in a previous EG article (ABS64730). Acknowledges the issue of presumption of authority and suggests that the provisions on rectification and indemnity in the Land Registration Act 1925 and the bill provide a straightfoward solution to the problem of rogue solicitors. |
| 590 ## - LOCAL NOTE (RLIN) | |
| Local note | ABS |
| 650 ## - SUBJECT ADDED ENTRY--TOPICAL TERM | |
| Topical term or geographic name entry element | SECURITY |
| 650 ## - SUBJECT ADDED ENTRY--TOPICAL TERM | |
| Topical term or geographic name entry element | LAND REGISTRATION BILL |
| 650 ## - SUBJECT ADDED ENTRY--TOPICAL TERM | |
| Topical term or geographic name entry element | HUMAN RIGHTS ACT 1998 |
| 650 ## - SUBJECT ADDED ENTRY--TOPICAL TERM | |
| Topical term or geographic name entry element | LAND REGISTRATION ACT 1925 |
| 650 ## - SUBJECT ADDED ENTRY--TOPICAL TERM | |
| Topical term or geographic name entry element | RECTIFICATION |
| 650 ## - SUBJECT ADDED ENTRY--TOPICAL TERM | |
| Topical term or geographic name entry element | INDEMNITY |
| 650 ## - SUBJECT ADDED ENTRY--TOPICAL TERM | |
| Topical term or geographic name entry element | SOLICITORS |
| 690 ## - LOCAL SUBJECT ADDED ENTRY--TOPICAL TERM (OCLC, RLIN) | |
| Topical term or geographic name as entry element | PROPERTY AND LAND LAW-CONVEYANCING |
| 942 ## - ADDED ENTRY ELEMENTS (KOHA) | |
| Suppress in OPAC | 0 |
| Withdrawn status | Lost status | Source of classification or shelving scheme | Damaged status | Not for loan | Home library | Current library | Shelving location | Date acquired | Total Checkouts | Full call number | Barcode | Date last seen | Copy number | Price effective from | Koha item type |
|---|---|---|---|---|---|---|---|---|---|---|---|---|---|---|---|
| Dewey Decimal Classification | London | London | Journal article | 11/12/2001 | ABS64951 | 115951-1001 | 06/08/2019 | 1 | 06/08/2019 | Journal article |